<?xml version="1.0" encoding="UTF-8"?>
<collection xmlns="http://www.loc.gov/MARC21/slim">
    <record>
        <controlfield tag="001">88841</controlfield>
        <controlfield tag="005">20200514105016.0</controlfield>
        <datafield tag="037" ind1=" " ind2=" ">
            <subfield code="a">TAZ-TFG-2019-4285</subfield>
        </datafield>
        <datafield tag="041" ind1=" " ind2=" ">
            <subfield code="a">spa</subfield>
        </datafield>
        <datafield tag="100" ind1="1" ind2=" ">
            <subfield code="a">Andrés González, Ángela</subfield>
        </datafield>
        <datafield tag="242" ind1="0" ind2="0">
            <subfield code="a">The foreshortening in the Italian Renaissance: the Andrea Mantegna's figure.</subfield>
        </datafield>
        <datafield tag="245" ind1="0" ind2="0">
            <subfield code="a">El escorzo en el Renacimiento italiano: la figura de Andrea Mantegna.</subfield>
        </datafield>
        <datafield tag="260" ind1=" " ind2=" ">
            <subfield code="a">Zaragoza</subfield>
            <subfield code="b">Universidad de Zaragoza</subfield>
            <subfield code="c">2019</subfield>
        </datafield>
        <datafield tag="506" ind1=" " ind2=" ">
            <subfield code="a">by-nc-sa</subfield>
            <subfield code="b">Creative Commons</subfield>
            <subfield code="c">3.0</subfield>
            <subfield code="u">http://creativecommons.org/licenses/by-nc-sa/3.0/</subfield>
        </datafield>
        <datafield tag="520" ind1=" " ind2=" ">
            <subfield code="a">El siguiente Trabajo de Fin de Grado tiene como finalidad comprender un fenómeno tan complejo como es el del escorzo. Para ello, es imprescindible entender el desarrollo que sufre este tipo de representación figurativa a lo largo del Renacimiento italiano y el contexto en el que tiene lugar dicha evolución. Por suerte, contamos con la obra del artista italiano Andrea Mantegna, quien dedicó su vida en mejorar la representación de personajes en perspectiva dentro de un espacio bidimensional, es decir, en escorzo. Haciendo un breve recorrido a través de los tratados más relevantes escritos a lo largo del Quattrocento y del Cinquecento, podremos ser testigos de la complejidad que lleva implícita este tipo de trabajos. Veremos la trascendencia que adquieren las pinturas de Andrea Mantegna, mediante una selección de las obras –concretamente conformadas por personajes escorzados- que realizó a lo largo de su prolífica vida como pintor. Finalmente y estudiando de una manera más amplia sus dos obras más trascendentales    –la Cámara de los esposos  y  el Cristo muerto – podremos entender la fama de la que gozó tanto en vida como post mortem, pues muchos artistas lo han tomado como modelo en sus trabajos artísticos. &lt;br />&lt;br /></subfield>
        </datafield>
        <datafield tag="521" ind1=" " ind2=" ">
            <subfield code="a">Graduado en Historia del Arte</subfield>
        </datafield>
        <datafield tag="540" ind1=" " ind2=" ">
            <subfield code="a">Derechos regulados por licencia Creative Commons</subfield>
        </datafield>
        <datafield tag="700" ind1=" " ind2=" ">
            <subfield code="a">Pano Gracia, José Luis</subfield>
            <subfield code="e">dir.</subfield>
        </datafield>
        <datafield tag="710" ind1="2" ind2=" ">
            <subfield code="a">Universidad de Zaragoza</subfield>
            <subfield code="b"> </subfield>
            <subfield code="c"></subfield>
        </datafield>
        <datafield tag="856" ind1="0" ind2=" ">
            <subfield code="f">721917@celes.unizar.es</subfield>
        </datafield>
        <datafield tag="856" ind1="4" ind2=" ">
            <subfield code="s">4380070</subfield>
            <subfield code="u">http://zaguan.unizar.es/record/88841/files/TAZ-TFG-2019-4285.pdf</subfield>
            <subfield code="y">Memoria (spa)</subfield>
        </datafield>
        <datafield tag="909" ind1="C" ind2="O">
            <subfield code="o">oai:zaguan.unizar.es:88841</subfield>
            <subfield code="p">driver</subfield>
            <subfield code="p">trabajos-fin-grado</subfield>
        </datafield>
        <datafield tag="950" ind1=" " ind2=" ">
            <subfield code="a"></subfield>
        </datafield>
        <datafield tag="951" ind1=" " ind2=" ">
            <subfield code="a">deposita:2020-05-13</subfield>
        </datafield>
        <datafield tag="980" ind1=" " ind2=" ">
            <subfield code="a">TAZ</subfield>
            <subfield code="b">TFG</subfield>
            <subfield code="c">FFYL</subfield>
        </datafield>
        <datafield tag="999" ind1=" " ind2=" ">
            <subfield code="a">20191114103007.CREATION_DATE</subfield>
        </datafield>
    </record>

    
</collection>